000
00340nam a2200133 a 4500
001
4140
005
20140414131933.0
008
090218s19uu xx 00 eng d
050
_a
REF 423.1
_b
W39 2007
245
_a
Webster's universal spelling, grammar & usage.
260
_b
Geddes & Grosset,
_c
2007.
999
_c
112318
_d
112318